banner-ar

صحافة السينما فى مصر: النصف الاول من القرن العشرين / (Record no. 47487)

MARC details
000 -الفاتح
حقل البيانات ثابتة الطول 00647nam a2200193Ia 4500
008 - عناصر البيانات ثابتة الطول - معلومات عامة
حقل البيانات ثابتة الطول 140319s9999 xx 000 0 ara d
040 ## - مصدر الفهرسة
وكالة الفهرسة الأصلية GCL /
وكالة النسخ GCL
082 04 - رقم تصنيف ديوى العشرى
رقم التصنيف 070.172
رقم المادة ف ص
100 1# - المدخل الرئيسى - إسم شخصى
الإسم الشخصى مدكور ثابت
245 10 - بيان العنوان
العنوان صحافة السينما فى مصر: النصف الاول من القرن العشرين /
بيان المسئوليه,etc مدكور ثابت
700 1# - المدخل الاضافى - اسم شخصى
الإسم الشخصى فريدخ مرعى
300 ## - الوصف المادى
التعداد 376 ص ؛
أبعاد الوعاء 24 سم
490 ## - بيان السلسلة
عنوان السلسلة ملفات السينما
رقم المجلد/ التعيين التسلسلي 0
650 04 - المدخل الاضافى بالموضوع-مصطلح موضوعى
مصطلح موضوعي السينما
650 04 - المدخل الاضافى بالموضوع-مصطلح موضوعى
مصطلح موضوعي الصحافة والسينما
942 ## - عناصر المدخل الإضافي( كوها)
مصدر التصنيف او مخطط الترفيف Dewey Decimal Classification
Koha [default] item type كتاب
260 ## - PUBLICATION, DISTRIBUTION, ETC. (IMPRINT)
-- القاهرة :
-- المركز القومى للسينما
Holdings
حالة التراجع حالة الفقد حالة تلف ليس للاعارة المكان المؤقت الموقع الحالى تاريخ الاكتساب اجمالي اﻻعارات رقم الطلب الباركود تاريخ اخر مشاهدة تاريخ تفعيل السعر نوع وعاء كوها
        مكتبة القاهرة الكبرى مكتبة القاهرة الكبرى 03/26/2014   070.172\ف ص 114704 03/26/2014 03/26/2014 كتاب
        مكتبة القاهرة الكبرى مكتبة القاهرة الكبرى 03/26/2014   070.172\ف ص 114705 03/26/2014 03/26/2014 كتاب
        مكتبة القاهرة الكبرى مكتبة القاهرة الكبرى 03/26/2014   070.172\ف ص 114706 03/26/2014 03/26/2014 كتاب
        مكتبة القاهرة الكبرى مكتبة القاهرة الكبرى 03/26/2014   070.172\ف ص 114707 03/26/2014 03/26/2014 كتاب
        مكتبة القاهرة الكبرى مكتبة القاهرة الكبرى 03/26/2014   070.172\ف ص 114708 03/26/2014 03/26/2014 كتاب

Powered By

EGPV